000 01354nam a2200349 c 4500
003 BLK
005 20240927150704.0
008 180409b bul|||||r ||||||| ||bul||
010 _aKNG00135858000
020 _a978-954-8657-74-7
_bиздат.: Enthusiast
040 _aBLK
041 _aBUL
_cBUL
072 7 _2bullib
_aН83
_xЧужда художествена литература Н
080 _aНемска литература
_b821.112.2
_x-31
_z821.112.2-31
100 1 _aГосен, Франк
_eпърви автор
_955310
700 _aПешева, Петя Димитрова
_d1953 -
_qПешева-Тошева, Петя Димитрова
_9246479
139 _aГосен, Франк
_bГ 70
245 1 0 _aТолкова много време
_bРоман
_cФранк Госен; прев. от нем. Петя Пешева.
257 _aDEU
260 София
_bEnthusiast
_c2011
_fСофия : Мултипринт
300 _a352 с.
_c21 см
380 _aX
500 _aОриг. загл. So viel Zeit / Frank Goosen.
653 _aромани
659 _aН
852 _aЦб 256978
856 4 _qpdf
_u
856 4 _qpdf
_u
942 _cKNG
_n0
_010
944 _aCR
_c06.11.2012
_lГеновева Генчева
_k30560
944 _aED
_c13.06.2017
_lф /
_kЛюдмила_Стоянова
999 _c130106
_d130106